|
000
|
01123nam0 2200253 450
|
|
001
|
CAL 0120131161153
|
|
005
|
20131105084744.53
|
|
010
|
|
@a978-7-5097-4939-5@dCNY69.00
|
|
100
|
|
@a20131105d2013 em y0chiy0121 ea
|
|
101
|
0
|
@achi
|
|
102
|
|
@aCN@b110000
|
|
105
|
|
@aak a 000yy
|
|
106
|
|
@ar
|
|
200
|
1
|
@a社会信用法律制度体系研究@Ashe hui xin yong fa lu^ zhi du ti xi yan jiu@d= A study on the legal system for social credit@f李晓安等著@zeng
|
|
210
|
|
@a北京@c社会科学文献出版社@d2013.10
|
|
215
|
|
@a313页@c图@d24cm
|
|
320
|
|
@a有书目
|
|
330
|
|
@a本书是一部在李晓安教授主持的教育部社会科学规划基金项目成果的基础上, 结合李晓安教授多年对这一主题研究成果以及她的团队成员对该主题研究成果汇编成高水平的论文集。该成果的研究以信用的概念、本质、体系的深入分析作为基础, 以对征信、个人信用、银行信用、等不同角度对我国信用体系建设进行全面系统的研究。
|
|
510
|
1
|
@aStudy on the legal system for social credit@zeng
|
|
606
|
0
|
@a信用制度@Axin yong zhi du@x法律@x研究@y中国
|
|
690
|
|
@aD92@v5
|
|
701
|
0
|
@a李晓安@Ali xiao an@4著
|
|
801
|
0
|
@aCN@bRENTIAN@c20131105
|
|
905
|
|
@aCKNYKJZYXY@b300497433-5@dD92@e479@f3
|
|
|
|
|
| |
| 社会信用法律制度体系研究= A study on the legal system for social credit/李晓安等著.-北京:社会科学文献出版社,2013.10 |
| 313页:图;24cm |
| |
| |
| ISBN 978-7-5097-4939-5:CNY69.00 |
| 本书是一部在李晓安教授主持的教育部社会科学规划基金项目成果的基础上, 结合李晓安教授多年对这一主题研究成果以及她的团队成员对该主题研究成果汇编成高水平的论文集。该成果的研究以信用的概念、本质、体系的深入分析作为基础, 以对征信、个人信用、银行信用、等不同角度对我国信用体系建设进行全面系统的研究。 |
| ● |
正题名:社会信用法律制度体系研究
索取号:D92/479
 
预约/预借
| 序号
|
登录号
|
条形码
|
馆藏地/架位号
|
状态
|
备注
|
|
1
|
497433
|
300497433
|
海科密-1楼/7架5列5层/
[索取号:D92/479]
|
在馆
|
|
|
2
|
497434
|
300497434
|
海科密-1楼/7架5列5层/
[索取号:D92/479]
|
在馆
|
|
|
3
|
497435
|
300497435
|
海科密-1楼/6架2列7层/
[索取号:D92/479]
|
在馆
|
|